00285nam a2200121Ia 4500008004100000082001600041100001500057245003500072250000800107260002300115300001000138650001500148150201s2003 xx 000 0 und d a612bP2003P aPANDA U.N. aPHYSIOLOGY FOR DENTAL STUDENTS a1ST bAITBSaDELHIc2003 a1-176 aPHYSIOLOGY